Factor proportions and choice of technology <the> Japanese experience comment

Uložené v:
Podrobná bibliografia
Hlavný autor: Fei, John Ch
Ďalší autori: Ranis, Gustav
Médium: Kniha
Jazyk:English
Vydavateľské údaje: New Haven Yale University 1981
Edícia:Center Paper No. 304
Tagy: Pridať tag
Žiadne tagy, Buďte prvý, kto otaguje tento záznam!

MARC

LEADER 00000nam a2200000 4500
001 c128454
005 20181203150423.2
041 0 |a eng 
044 |a US 
245 1 0 |a Factor proportions and choice of technology  |b <the> Japanese experience comment  |c John Ch. Fei, Gustav Ranis 
264 1 |a New Haven  |b Yale University  |c 1981 
300 |a S. 842-844 
490 1 |a Center Paper  |v No. 304 
830 0 |a Center Paper  |v No. 304 
100 1 |a Fei, John Ch. 
700 1 |a Ranis, Gustav